| 000 | 01361nam0a22002891 4500 | ||
|---|---|---|---|
| 001 | rc\4061053 | ||
| 005 | 20260407080507.0 | ||
| 021 |
_aRU _b[53-6535] |
||
| 035 | _a(NLR Aleph) 008112871 | ||
| 090 |
_a9315425 _c9315425 |
||
| 100 | _a20130415g19521953|||y0rusy50 ca | ||
| 101 | 0 | _arus | |
| 102 | _aRU | ||
| 105 | _aa z ||||| | ||
| 200 | 1 |
_aПрактические занятия по курсу крупного рогатого скота _fСост. доц. Д.Д. Мартюгин _gПод ред. акад. Е.Ф. Лискуна _gМоск. ордена Ленина с.-х. акад. им. К.А. Тимирязева. Кафедра крупного рогатого скота |
|
| 210 |
_aМосква _cБ. и. _d1952 [вып. дан. 1953] |
||
| 215 |
_a59 с. _cил. _d23 |
||
| 300 | _aНа обл. сост. не указан | ||
| 606 |
_aКрупный рогатый скот _xПрактические занятия учащихся _2psbo |
||
| 700 | 1 |
_aМартюгин _bД.Д. _gДмитрий Дмитриевич _4220 |
|
| 702 | 1 |
_aЛискун _bЕ.Ф. _4340 |
|
| 712 | 0 | 2 |
_aМосковская сельскохозяйственная академия им. К. А. Тимирязева _3RU\NLR\AUTH\885951 _9283633 |
| 801 | 0 |
_aRU _bNLR _gpsbo |
|
| 801 | 1 |
_aRU _bELAR _2rusmarc |
|
| 852 |
_aNLR _jС90 Г-6/355 |
||
| 942 | _cBOOK | ||
| 980 | _aNB | ||